| 000 | 00883nas a2200241 4500 | ||
|---|---|---|---|
| 001 | BR7900353 | ||
| 003 | BR-BrBNA | ||
| 005 | 20231205083614.0 | ||
| 007 | ta | ||
| 008 | 230509b bl.|||p| |||| 00| 00por d | ||
| 040 |
_aBR-BrBNA _bpor _cBiblioteca Nacional de Agricultura |
||
| 041 | _a(Pt) | ||
| 072 | _aH50 | ||
| 100 | 1 | _aRocha Filho, J.V.C. | |
| 100 | 1 | _aBrasil Sobrinho, M.O.C. (Escola Superior de Agricultura Luiz de Queiroz, Piracicaba, SP (Brazil)) | |
| 245 | 1 | _aInfluencia da deficiencia de macronutrientes na composicao mineral do algodoeiro moco (Gossypium hirsutum L. var. Maria galante) | |
| 650 | _aALGODAO MOCO | ||
| 650 | _aDEFICIENCIA MINERAL | ||
| 650 | _aDEFICIENCIA NUTRICIONAL | ||
| 773 | 0 |
_tRevista de Agricultura (Brazil) _xISSN 0034-7655 _g(Oct 1978), v. 53(3) p. 159-165 _wBR7900353 |
|
| 909 |
_a202311 _bLúcia _c55 _dLúcia Elande |
||
| 942 |
_2AGRIS _n0 _cANA |
||
| 999 |
_c99997 _d99997 |
||